000 nam a22 a 4500
999 _c3801
_d3801
005 20170524085846.0
008 170524b1995 II ||||| |||| 00| 0 eng d
020 _a8186190139
040 _aAKMAL
082 _a796.345 THA
090 _a796.345
_bTHA
245 _aSKILLS AND TACTICS BADMINTON
_cTHANI, LAKESH
260 _aINDIA
_bLOKESH THANI
_c1995
300 _a60pg,;
_c15 cm
650 _aBADMINTON
_97521
942 _2ddc
_cBOOK